| 000 | 01727nab a2200253 i 4500 | ||
|---|---|---|---|
| 001 | 768714001 | ||
| 003 | CO-MdFUSB | ||
| 005 | 20240626142205.0 | ||
| 008 | 240626t1995 us ||||| |||| 00| 0 eng d | ||
| 040 |
_bspa _cCO-MdFUSB _dCO-MdFUSB |
||
| 041 | _aeng | ||
| 100 |
_aSenior, Donald. _eautor |
||
| 245 |
_aCorrelating images of church and images of mission in the New Testament _c/ Donald Senior |
||
| 520 | _aLas imágenes de la iglesia y las imágenes de la misión están estrechamente vinculadas y tienen una profunda influencia mutua. Los fundamentos de esta correlación se pueden encontrar en las Escrituras. Tres imágenes dominantes de la iglesia en el Nuevo Testamento se correlacionan con imágenes de misión en una variedad de tradiciones bíblicas: la iglesia como una comunidad de discípulos enviados al mundo; como comunidad de testimonio visible; y como comunidad de sanación y reconciliación. La exploración de estas correlaciones documenta el pluralismo de las teologías y la misión del Nuevo Testamento. Sugiere que construir teologías de misión apropiadas y diversas hoy exige un diálogo reflexivo tanto con el texto bíblico y la tradición teológica, por un lado, como con una cultura particular y un contexto histórico, por el otro. | ||
| 546 | _aTexto en inglés. | ||
| 630 | 0 | 7 |
_aBiblia. _pNuevo Testamento |
| 630 | 0 | _aImágenes y símbolos en la biblia | |
| 650 | 7 |
_aHermenéutica bíblica _97333 |
|
| 650 | 7 |
_aIglesia _9655 |
|
| 650 | 0 |
_aComunicación (Teología) _91244 |
|
| 773 | 0 |
_049486 _961121 _d Pasadena _oR0893 _tMissiology: _w(CO-MdFUSB)97 _gVolumen 23, (número 1, 1995) páginas: 3 - 16 _qpágina: 3 |
|
| 942 | _cANA | ||
| 945 | _aCatherine Arias Álvarez - Practicante SENA | ||
| 999 |
_c70363 _d70363 |
||